Batman's Batmobiles by Picture - Statistics

General Stats
  • This quiz has been taken 44 times
  • The average score is 7 of 10
Answer Stats
Picture Answer % Correct
Christian Bale
95%
Adam West
92%
Michael Keaton
89%
Val Kilmer
89%
Ben Affleck
87%
George Clooney
87%
Robert Pattinson
84%
Will Arnett
58%
Lewis Wilson
21%
Robert Lowery
13%
No matching quizzes found
Score Distribution
Percent of People with Each Score
Percentile by Number Answered
Your Score History
You have not taken this quiz